000 00984nam a2200229 4500
005 20221205143946.0
007 ta
008 221201s2015 sp |||||r|||| 00| 0 spa d
020 _a9788432145506
040 _avecauma
_cvecauma
_dvecauma
099 _aP119.3
_bL67
100 1 _969
_aLópez Quintás, Alfonso
_d1928-
245 1 3 _aLa palabra manipulada
260 _aMadrid :
_bEdiciones Rialp,
_c2015.
300 _a117 p.
490 0 _aBreves Rialp
_v7
504 _aIncluye referencias bibliográficas.
520 _aEl manipulador es astuto en el uso del lenguaje. Procura despojar de recursos al manipulado. Es urgente estimular el sentido crítico, pensar con precisión, buscar lo verdadero a toda costa. este libro es fruto de innumerables conferencias del autor donde, mediante ejemplos sencillos, quedan al descubierto los mecanismos de la manipulación y su vulnerabilidad.
650 0 _9441
_aFILOSOFIA DEL LENGUAJE
942 _2lcc
_n0
_cBK
999 _c3290
_d3290